[Event "Irkutsk Region-ch"]
[Site "Angarsk"]
[Date "2009.11.01"]
[Round "7"]
[White "Shneider, Alexander"]
[Black "Tunik, Sergey"]
[Result "1-0"]
[WhiteElo "2101"]
[BlackElo "1923"]
[PlyCount "101"]
[EventDate "2009.10.26"]
[EventType "swiss"]
[EventRounds "9"]
[EventCountry "RUS"]
[SourceTitle "EXT 2023"]
[Source "ChessBase"]
[SourceDate "2022.10.05"]
[SourceVersion "1"]
[SourceVersionDate "2022.10.05"]
[SourceQuality "1"]

1. d4 e6 2. c4 Nf6 3. Nc3 Bb4 4. Qc2 c5 5. dxc5 Qa5 6. Bd2 Qxc5 7. e3 0-0 8. Nf3 d5 9. cxd5 Nxd5 10. Rc1 Bxc3 11. Bxc3 Nxc3 12. Qxc3 Qxc3+ 13. Rxc3 Nc6 14. Bb5 Bd7 15. Ke2 Rfc8 16. Rd1 Be8 17. Rdc1 a6 18. Bd3 Rd8 19. a3 Kf8 20. Rb3 Rab8 21. Rb6 Rd6 22. Rb3 Ke7 23. Ng5 Ne5 24. Bb1 Bb5+ 25. Ke1 h6 26. Ne4 Rd7 27. Nc5 Rc7 28. Rbc3 b6 29. Nb3 Rxc3 30. Rxc3 Rb7 31. Nd4 Bd7 32. Be4 Ra7 33. h3 f5 34. f4 Nf7 35. Bc2 Nd6 36. Bb3 Ne4 37. Nc6+ Kd6 38. Nxa7 Nxc3 39. bxc3 Kc7 40. Kd2 Kb7 41. Kd3 Kxa7 42. Kd4 b5 43. Kc5 Kb7 44. Kd6 Bc8 45. Bxe6 Bxe6 46. Kxe6 g6 47. Kf6 Kc6 48. Kxg6 Kd5 49. Kxf5 Kc4 50. Ke4 Kxc3 51. f5 1-0

[Event "Irkutsk Region-ch"]
[Site "Angarsk"]
[Date "2009.10.28"]
[Round "3"]
[White "Shneider, Alexander"]
[Black "Burdyko, Alexander"]
[Result "0-1"]
[WhiteElo "2101"]
[BlackElo "2133"]
[PlyCount "100"]
[EventDate "2009.10.26"]
[EventType "swiss"]
[EventRounds "9"]
[EventCountry "RUS"]
[SourceTitle "EXT 2023"]
[Source "ChessBase"]
[SourceDate "2022.10.05"]
[SourceVersion "1"]
[SourceVersionDate "2022.10.05"]
[SourceQuality "1"]

1. d4 d5 2. c4 c6 3. Nf3 Nf6 4. Nc3 e6 5. Bg5 Nbd7 6. e3 Bb4 7. Qc2 Qa5 8. Bxf6 Nxf6 9. Nd2 0-0 10. Bd3 Re8 11. 0-0 e5 12. cxd5 exd4 13. Nc4 Qd8 14. exd4 Bxc3 15. bxc3 Qxd5 16. Ne5 Be6 17. f4 Re7 18. f5 Bd7 19. Bc4 Qd6 20. Qb3 Be8 21. Rae1 b5 22. Be2 c5 23. Nf3 Bc6 24. Ne5 Rb8 25. Nxc6 Qxc6 26. Bf3 Qd6 27. Rxe7 Qxe7 28. c4 Qd6 29. cxb5 a6 30. a4 axb5 31. axb5 Qxd4+ 32. Kh1 Qb4 33. Qxb4 cxb4 34. Bc6 Ng4 35. Ra1 Ne5 36. Bd5 Kf8 37. Ra5 Ke7 38. Kg1 Kd6 39. Bb3 Rb6 40. Kf1 Kc5 41. Ra7 Rxb5 42. Ke2 Nc6 43. Rc7 Kd6 44. Rxf7 Nd4+ 45. Kd3 Nxb3 46. Kc4 Nd2+ 47. Kxb5 b3 48. f6 b2 49. fxg7 b1Q+ 50. Ka6 Qa2+ 0-1

[Event "Irkutsk Region-ch"]
[Site "Angarsk"]
[Date "2009.10.27"]
[Round "2"]
[White "Obolenskikh, Dmitry Aleksandrovi"]
[Black "Shneider, Alexander"]
[Result "1-0"]
[WhiteElo "2429"]
[BlackElo "2101"]
[PlyCount "83"]
[EventDate "2009.10.26"]
[EventType "swiss"]
[EventRounds "9"]
[EventCountry "RUS"]
[SourceTitle "EXT 2023"]
[Source "ChessBase"]
[SourceDate "2022.10.05"]
[SourceVersion "1"]
[SourceVersionDate "2022.10.05"]
[SourceQuality "1"]

1. e4 e6 2. d4 d5 3. Nd2 Nf6 4. e5 Nfd7 5. Bd3 c5 6. c3 Nc6 7. Ne2 cxd4 8. cxd4 f6 9. exf6 Nxf6 10. 0-0 Bd6 11. Nf3 Qc7 12. h3 0-0 13. Be3 Bd7 14. Rc1 Rae8 15. a3 a6 16. b4 Nh5 17. Qc2 Nf6 18. Bg5 Bc8 19. Bh4 g6 20. Rfe1 Qg7 21. Bg3 Bxg3 22. Nxg3 Nd7 23. Qc3 Rxf3 24. gxf3 Nxd4 25. Bf1 Qf6 26. Bg2 Ne5 27. Kh1 Nexf3 28. Re3 Nh4 29. Bxd5 Rf8 30. Be4 e5 31. Bd5+ Kh8 32. Ne4 Qf4 33. Qxc8 Rxc8 34. Rxc8+ Kg7 35. Rc7+ Kh8 36. Rf7 Nhf5 37. Nf6 Qh4 38. Rxh7+ Qxh7 39. Nxh7 Kxh7 40. Rxe5 b6 41. Be4 Nd6 42. Bd3 1-0

[Event "Irkutsk Ermolaev Memorial 3rd"]
[Site "Irkutsk"]
[Date "2009.07.12"]
[Round "9"]
[White "Eremeenko, Vladimir"]
[Black "Shneider, Alexander"]
[Result "0-1"]
[WhiteElo "1959"]
[BlackElo "2097"]
[PlyCount "79"]
[EventDate "2009.07.04"]
[EventType "swiss"]
[EventRounds "9"]
[EventCountry "RUS"]
[SourceTitle "EXT 2012"]
[Source "ChessBase"]
[SourceDate "2011.11.24"]
[SourceVersion "1"]
[SourceVersionDate "2011.11.24"]
[SourceQuality "1"]

1. Nf3 d5 2. g3 Nf6 3. Bg2 c6 4. d3 Nbd7 5. 0-0 e5 6. Nbd2 Bc5 7. e4 0-0 8. Re1 Ng4 9. Re2 Ndf6 10. exd5 cxd5 11. h3 Nxf2 12. Rxf2 e4 13. d4 exf3 14. Nxf3 Bd6 15. Ne5 Ne4 16. Bxe4 dxe4 17. Qe2 Bxe5 18. dxe5 Qd4 19. Be3 Qxb2 20. Raf1 Bxh3 21. Re1 Qxe5 22. Bf4 Qe6 23. Qxe4 Rfe8 24. Qxe6 Rxe6 25. Rd1 Ra6 26. Rfd2 h6 27. c3 Be6 28. Rb2 b6 29. Rdd2 Rc8 30. Be5 Rc5 31. Bd4 Rca5 32. Kf2 Rxa2 33. Be5 Rxb2 34. Rxb2 Bc4 35. Ke3 b5 36. Rd2 Ra1 37. Kd4 a5 38. g4 a4 39. Rg2 f6 40. Bd6 0-1

[Event "Irkutsk Ermolaev Memorial 3rd"]
[Site "Irkutsk"]
[Date "2009.07.04"]
[Round "1"]
[White "Drapeza, Sergey"]
[Black "Shneider, Alexander"]
[Result "1/2-1/2"]
[WhiteElo "1707"]
[BlackElo "2097"]
[PlyCount "59"]
[EventDate "2009.07.04"]
[EventType "swiss"]
[EventRounds "9"]
[EventCountry "RUS"]
[SourceTitle "EXT 2012"]
[Source "ChessBase"]
[SourceDate "2011.11.24"]
[SourceVersion "1"]
[SourceVersionDate "2011.11.24"]
[SourceQuality "1"]

1. e4 e5 2. Nf3 Nc6 3. Bb5 Nf6 4. 0-0 d6 5. d4 exd4 6. Qxd4 Bd7 7. Qd3 Be7 8. Nc3 0-0 9. a3 Ng4 10. Bf4 Bf6 11. Rab1 a6 12. Bxc6 Bxc6 13. h3 Ne5 14. Nxe5 dxe5 15. Qxd8 Raxd8 16. Be3 Rd7 17. Rfd1 Rfd8 18. Rxd7 Rxd7 19. f3 Be7 20. Kf2 f6 21. Rd1 Rxd1 22. Nxd1 Kf7 23. Nc3 Ke6 24. b4 g6 25. Bc1 Be8 26. Nd5 Bd6 27. c4 c5 28. Ke2 b5 29. bxc5 Bb8 30. Nb4 1/2-1/2

[Event "Irkutsk Anufriev Memorial"]
[Site "Irkutsk"]
[Date "2008.12.03"]
[Round "13"]
[White "Shneider, Alexander"]
[Black "Sagdeev, Rinel"]
[Result "1/2-1/2"]
[WhiteElo "2093"]
[BlackElo "1996"]
[PlyCount "27"]
[EventDate "2008.11.21"]
[EventType "tourn"]
[EventRounds "13"]
[EventCountry "RUS"]
[SourceTitle "EXT 2022"]
[Source "ChessBase"]
[SourceDate "2021.10.06"]
[SourceVersion "1"]
[SourceVersionDate "2021.10.06"]
[SourceQuality "1"]

1. e4 e5 2. Nf3 Nc6 3. Bb5 a6 4. Bxc6 dxc6 5. 0-0 Bg4 6. h3 h5 7. d3 Qf6 8. Nbd2 Bc5 9. Re1 Ne7 10. Nf1 Bxf3 11. Qxf3 Qxf3 12. gxf3 0-0-0 13. Be3 Bxe3 14. fxe3 1/2-1/2

[Event "Irkutsk Anufriev Memorial"]
[Site "Irkutsk"]
[Date "2008.12.01"]
[Round "11"]
[White "Shneider, Alexander"]
[Black "Vasilenko, Igor"]
[Result "0-1"]
[WhiteElo "2093"]
[BlackElo "1866"]
[PlyCount "56"]
[EventDate "2008.11.21"]
[EventType "tourn"]
[EventRounds "13"]
[EventCountry "RUS"]
[SourceTitle "EXT 2022"]
[Source "ChessBase"]
[SourceDate "2021.10.06"]
[SourceVersion "1"]
[SourceVersionDate "2021.10.06"]
[SourceQuality "1"]

1. e4 e6 2. d4 d5 3. Nc3 Nf6 4. e5 Nfd7 5. Nf3 c5 6. Bb5 a6 7. Bxd7+ Bxd7 8. 0-0 Nc6 9. dxc5 Bxc5 10. Ng5 h6 11. Qh5 0-0 12. Nf3 Kh7 13. Bg5 Be7 14. h4 f6 15. exf6 Bxf6 16. Rfe1 Be8 17. Bxf6 Rxf6 18. Qg4 Qd6 19. Rad1 Bg6 20. Ne4 Bxe4 21. Rxe4 Raf8 22. Ng5+ hxg5 23. hxg5 Rxf2 24. Qh5+ Kg8 25. Rh4 Qg3 26. Qh7+ Kf7 27. g6+ Ke8 28. Rh2 Rf1+ 0-1

[Event "Irkutsk Summer"]
[Site "Irkutsk"]
[Date "2008.07.24"]
[Round "4"]
[White "Sagdeev, Rinel"]
[Black "Shneider, Alexander"]
[Result "0-1"]
[WhiteElo "1986"]
[BlackElo "2032"]
[PlyCount "100"]
[EventDate "2008.07.21"]
[EventType "tourn"]
[EventRounds "13"]
[EventCountry "RUS"]
[SourceTitle "EXT 2022"]
[Source "ChessBase"]
[SourceDate "2021.10.06"]
[SourceVersion "1"]
[SourceVersionDate "2021.10.06"]
[SourceQuality "1"]

1. d4 e6 2. c4 Nf6 3. Nc3 Bb4 4. Qc2 c5 5. dxc5 Bxc5 6. Nf3 Qb6 7. e3 Nc6 8. Be2 0-0 9. 0-0 Qc7 10. a3 a6 11. b4 Ba7 12. Rd1 Ne5 13. Nxe5 Qxe5 14. Bb2 Qg5 15. Bf3 d5 16. cxd5 exd5 17. Nxd5 Ng4 18. Qe4 Be6 19. Qf4 Qxf4 20. Nxf4 Nxe3 21. Rd2 Nc4 22. Re2 Nxb2 23. Nxe6 fxe6 24. Rxb2 Bd4 25. Rbb1 Bxa1 26. Rxa1 Rab8 27. Re1 Kf7 28. Bg4 Rfe8 29. f4 Rbd8 30. Bh5+ g6 31. Bf3 Re7 32. Kf2 Rd3 33. Re3 Rxe3 34. Kxe3 b6 35. Be2 a5 36. Bc4 Rd7 37. g4 Kf6 38. Ke4 Rd1 39. g5+ Ke7 40. bxa5 bxa5 41. a4 Rh1 42. Kd4 Kd6 43. Bb5 Rxh2 44. Be8 Rf2 45. Ke3 Rb2 46. Ke4 Rb4+ 47. Ke3 Rb8 48. Bb5 Rxb5 49. axb5 Kc5 50. Ke4 a4 0-1

[Event "Irkutsk Summer"]
[Site "Irkutsk"]
[Date "2008.07.23"]
[Round "3"]
[White "Shneider, Alexander"]
[Black "Stulikov, Vyacheslav"]
[Result "1/2-1/2"]
[WhiteElo "2032"]
[BlackElo "2104"]
[PlyCount "118"]
[EventDate "2008.07.21"]
[EventType "tourn"]
[EventRounds "13"]
[EventCountry "RUS"]
[SourceTitle "EXT 2022"]
[Source "ChessBase"]
[SourceDate "2021.10.06"]
[SourceVersion "1"]
[SourceVersionDate "2021.10.06"]
[SourceQuality "1"]

1. e4 Nf6 2. e5 Nd5 3. c4 Nb6 4. d4 d6 5. f4 dxe5 6. fxe5 Bf5 7. Nf3 e6 8. Nc3 Bb4 9. a3 Bxc3+ 10. bxc3 c5 11. a4 cxd4 12. cxd4 0-0 13. Be2 Nc6 14. Ba3 Re8 15. 0-0 Bg4 16. Bd6 Bxf3 17. Rxf3 Nc8 18. c5 Qh4 19. Bb5 N8e7 20. Qd3 Qxd4+ 21. Qxd4 Nxd4 22. Bxe8 Nxf3+ 23. gxf3 Rxe8 24. Rb1 Nc6 25. Rxb7 Rc8 26. Kf2 g5 27. Kg3 Kg7 28. f4 h6 29. f5 exf5 30. e6 Nd8 31. Rb8 Rxb8 32. e7 Nc6 33. Bxb8 Nxe7 34. Bxa7 Kf6 35. a5 Ke6 36. a6 Kd7 37. Bb8 Kc8 38. Bd6 Nc6 39. Bf8 f4+ 40. Kf2 h5 41. Bh6 f6 42. Bg7 Ne5 43. Kf1 Ng4 44. Kg1 Kc7 45. h3 Ne5 46. Bxf6 Nf3+ 47. Kf2 g4 48. hxg4 hxg4 49. Bd8+ Kc6 50. a7 Kb7 51. Bc7 Nd4 52. Bxf4 Kxa7 53. Be3 Nc6 54. Kg3 Kb7 55. Kxg4 Nb4 56. Kf5 Kc6 57. Ke4 Na6 58. Ke5 Nxc5 59. Bxc5 Kxc5 1/2-1/2

[Event "Irkutsk Spring"]
[Site "Irkutsk"]
[Date "2008.04.06"]
[Round "4"]
[White "Shneider, Alexander"]
[Black "Anisimov, Alexander1111"]
[Result "1-0"]
[WhiteElo "1957"]
[BlackElo "1704"]
[PlyCount "67"]
[EventDate "2008.04.03"]
[EventType "tourn"]
[EventRounds "11"]
[EventCountry "RUS"]
[SourceTitle "EXT 2022"]
[Source "ChessBase"]
[SourceDate "2021.10.06"]
[SourceVersion "1"]
[SourceVersionDate "2021.10.06"]
[SourceQuality "1"]

1. e4 d5 2. exd5 Qxd5 3. d4 Nf6 4. c4 Qd8 5. Nf3 Bg4 6. Be2 c6 7. h3 Bxf3 8. Bxf3 e6 9. 0-0 Be7 10. Nc3 0-0 11. Be3 Na6 12. Qa4 Nc7 13. b4 a6 14. Qb3 Qd7 15. Na4 Rab8 16. Nb6 Qd8 17. Rfd1 Nd7 18. d5 cxd5 19. cxd5 Bf6 20. dxe6 Bxa1 21. Rxd7 Qf6 22. exf7+ Kh8 23. Rxc7 Bd4 24. Nd5 Qe5 25. Re7 Qd6 26. Bxd4 Rbc8 27. Qe3 Qg6 28. Be4 Qh5 29. Bxg7+ Kxg7 30. Qd4+ Kh6 31. Qf6+ Qg6 32. Bxg6 Rc1+ 33. Kh2 Rxf7 34. Bxf7# 1-0